Early Cold War spies : (Record no. 20826)
[ view plain ]
| 000 -LEADER | |
|---|---|
| fixed length control field | 01662cam a22003375a 4500 |
| 001 - CONTROL NUMBER | |
| control field | 14236741 |
| 005 - DATE AND TIME OF LATEST TRANSACTION | |
| control field | 20151207133517.0 |
| 008 - FIXED-LENGTH DATA ELEMENTS--GENERAL INFORMATION | |
| fixed length control field | 060120r20112006enk frb f001 0 eng d |
| 020 ## - INTERNATIONAL STANDARD BOOK NUMBER | |
| International Standard Book Number | 9780521674072 |
| 040 ## - CATALOGING SOURCE | |
| Original cataloging agency | DLC |
| Transcribing agency | DLC |
| Modifying agency | BAKER |
| -- | C#P |
| -- | YDXCP |
| -- | OCLCQ |
| -- | UBY |
| -- | YBM |
| -- | DLC |
| -- | EG-ScBUE |
| Language of cataloging | eng |
| 043 ## - GEOGRAPHIC AREA CODE | |
| Geographic area code | e-ur--- |
| -- | n-us--- |
| 082 04 - DEWEY DECIMAL CLASSIFICATION NUMBER | |
| Classification number | 364.131 |
| Edition number | 22 |
| Item number | HAY |
| 100 1# - MAIN ENTRY--PERSONAL NAME | |
| Personal name | Haynes, John Earl. |
| 9 (RLIN) | 38857 |
| 245 10 - TITLE STATEMENT | |
| Title | Early Cold War spies : |
| Remainder of title | the espionage trials that shaped American politics / |
| Statement of responsibility, etc | John Earl Haynes, Harvey Klehr. |
| 250 ## - EDITION STATEMENT | |
| Edition statement | 1st ed., Reprint ed. |
| 260 ## - PUBLICATION, DISTRIBUTION, ETC. (IMPRINT) | |
| Place of publication, distribution, etc | Cambridge ; |
| -- | New York : |
| Name of publisher, distributor, etc | Cambridge University Press, |
| Date of publication, distribution, etc | 2011. |
| 300 ## - PHYSICAL DESCRIPTION | |
| Extent | xii, 251 p. ; |
| Dimensions | 24 cm. |
| 500 ## - GENERAL NOTE | |
| General note | Index : p. 243-251. |
| 500 ## - GENERAL NOTE | |
| General note | Reprinted of the 2006 ed. |
| 504 ## - BIBLIOGRAPHY, ETC. NOTE | |
| Bibliography, etc | Includes bibliographical references. |
| 505 0# - FORMATTED CONTENTS NOTE | |
| Formatted contents note | Early Cold War spy cases -- The precursors -- Elizabeth Bentley: the case of the blond spy queen -- The Alger Hiss--Whittaker Chambers case -- The atomic espionage cases -- Judith Coplon: the spy who got away with it -- The Soble-Soblen case: last of the early Cold War spy trials -- The decline of the ideological spy. |
| 650 #0 - SUBJECT ADDED ENTRY--TOPICAL TERM | |
| Topical term or geographic name as entry element | Spies |
| Geographic subdivision | Soviet Union |
| General subdivision | History |
| Chronological subdivision | 20th century. |
| Source of heading or term | BUEsh |
| 650 #0 - SUBJECT ADDED ENTRY--TOPICAL TERM | |
| Topical term or geographic name as entry element | Espionage, Soviet |
| General subdivision | History |
| Chronological subdivision | 20th century. |
| Source of heading or term | BUEsh |
| 650 #0 - SUBJECT ADDED ENTRY--TOPICAL TERM | |
| Topical term or geographic name as entry element | Trials (Espionage) |
| Geographic subdivision | United States |
| General subdivision | History |
| Chronological subdivision | 20th century. |
| Source of heading or term | BUEsh |
| 650 #0 - SUBJECT ADDED ENTRY--TOPICAL TERM | |
| Topical term or geographic name as entry element | Communism |
| Geographic subdivision | Soviet Union |
| General subdivision | History. |
| Source of heading or term | BUEsh |
| 9 (RLIN) | 23836 |
| 650 #0 - SUBJECT ADDED ENTRY--TOPICAL TERM | |
| Topical term or geographic name as entry element | Anti-communist movements |
| Geographic subdivision | United States |
| General subdivision | History |
| Chronological subdivision | 20th century. |
| Source of heading or term | BUEsh |
| 651 #0 - SUBJECT ADDED ENTRY--GEOGRAPHIC NAME | |
| Geographic name | United States |
| General subdivision | Politics and government |
| Chronological subdivision | 1945-1953. |
| Source of heading or term | BUEsh |
| 653 ## - INDEX TERM--UNCONTROLLED | |
| Resource For college | BAEPS, Political Science |
| Arrived date list | September2015 |
| -- | December2015 |
| 700 1# - ADDED ENTRY--PERSONAL NAME | |
| Personal name | Klehr, Harvey. |
| 942 ## - ADDED ENTRY ELEMENTS (KOHA) | |
| Source of classification or shelving scheme | Dewey Decimal Classification |
| Withdrawn status | Lost status | Source of classification or shelving scheme | Damaged status | Not for loan | Koha collection | Home library | Current library | Shelving location | Date acquired | Source of acquisition | Cost, normal purchase price | Serial Enumeration / chronology | Total Checkouts | Full call number | Barcode | Date last seen | Date last borrowed | Cost, replacement price | Koha item type |
|---|---|---|---|---|---|---|---|---|---|---|---|---|---|---|---|---|---|---|---|
| Dewey Decimal Classification | Baccah | Central Library | Central Library | First floor | 01/09/2015 | 204.00 | 23317 | 1 | 364.131 HAY | 000039549 | 15/07/2025 | 28/02/2019 | 255.00 | Book - Borrowing |